Les 22 titulaires de Chelsea 1-1 FC Barcelone (1/2 Final LDC 08/09) - Statistiques

Statistiques générales
  • Ce quiz a été pris 1 020 fois
  • Le résultat moyen est 15 sur 22
Statistiques - réponses
Hint Réponse % Correct
BU Didier Drogba
96%
AG Andrés Iniesta
95%
AD Lionel Messi
95%
MC Xavi
94%
DC Gerard Piqué
91%
GK Victor Valdés
91%
MDC Sergio Busquets
89%
GK Petr Čech
87%
DD Dani Alves
80%
BU Samuel Eto'o
77%
DC John Terry
76%
M(O)C Frank Lampard
73%
DG Éric Abidal
69%
DG Ashley Cole
64%
MDC Michael Essien
64%
MDC Michael Ballack
49%
DC Yaya Touré
47%
MG Florent Malouda
44%
MD Nicolas Anelka
36%
MC Seydou Keita
24%
DD José Bosingwa
21%
DC Alex
17%
Aucun quiz correspondant
Distribution des résultats
% des personnes avec chaque résultat
Percentile par nombre de réponses
Votre historique - résultats
Vous n’avez pas pris ce quiz